Tablas demostrativas (Record no. 7040)

MARC details
000 -CABECERA
campo de control de longitud fija 00496nam a2200193 a 4500
001 - NÚMERO DE CONTROL
campo de control BRCA_7364
005 - FECHA Y HORA DE LA ÚLTIMA TRANSACCIÓN
campo de control 20190320205817.0
008 - DATOS DE LONGITUD FIJA--INFORMACIÓN GENERAL
campo de control de longitud fija 070313s17uu----ag-#######---#000-0#spa-#
041 ## - CÓDIGO DE LENGUA
Código de lengua del texto/banda sonora o título independiente spa
050 #4 - SIGNATURA TOPOGRÁFICA DE LA BIBLIOTECA DEL CONGRESO
Número de clasificación HG1638
Número de documento/Ítem .D53 1700
100 1# - ENTRADA PRINCIPAL--NOMBRE DE PERSONA
Nombre de persona Dias de Gusman, Joaquín
9 (RLIN) 18201
245 10 - MENCIÓN DE TÍTULO
Título Tablas demostrativas
Mención de responsabilidad, etc. hechas por Joaquín Dias de Gusman.
260 ## - PUBLICACIÓN, DISTRIBUCIÓN, ETC.
Lugar de publicación, distribución, etc. [s.l.]
Nombre del editor, distribuidor, etc. [s.n.]
Fecha de publicación, distribución, etc. [17--?]
300 ## - DESCRIPCIÓN FÍSICA
Extensión 5 p.
500 ## - NOTA GENERAL
Nota general Q54
650 14 - PUNTO DE ACCESO ADICIONAL DE MATERIA--TÉRMINO DE MATERIA
Término de materia o nombre geográfico como elemento de entrada Interes
Subdivisión de forma Tablas
9 (RLIN) 18202
902 ## - CATALOGADOR
Iniciales GFM
942 ## - ELEMENTOS DE PUNTO DE ACCESO ADICIONAL (KOHA)
Fuente del sistema de clasificación o colocación Library of Congress Classification
Tipo de ítem Koha Libros
Holdings
Estado de retiro Estado de pérdida Estado dañado No para préstamo Localización permanente Ubicación/localización actual Fecha de adquisición Número de inventario Total de préstamos Signatura topográfica completa Código de barras Fecha visto por última vez Precio válido a partir de Tipo de ítem Koha
El ejemplar forma parte de la colección y puede ser consultado según las políticas vigentes.       Biblioteca del Museo Franz Mayer (Rogerio Casas-Alatriste) Biblioteca del Museo Franz Mayer (Rogerio Casas-Alatriste) 07/03/2013 Q54   HG1638 .D53 1700 (Q54) 7961 22/03/2019 22/03/2019 Libros